000 00445nam a2200157 i 4500
001 27368
003 ES-MaACL
005 20230906153614.0
007 t|
008 030114s1952 sp ||||1| spa d
100 1 _aArrupe, Pedro.
_923400
245 1 0 _aYo viví la bomba atómica /
_cP. Arrupe.
260 _aMadrid, etc. :
_bStudium de Cultura,
_c[1952] (
_fHalar)
300 _a143 p., 9 lám. ;
_c20 cm.
852 _aES-MaACL
_jD-8352
_bR.32553
999 _c27368
_d27368